Gminy w powiecie Myślenickim - Statystyki

Ogólne statystyki
  • Ten quiz został rozwiązany 8 razy
  • Średni wynik to 8 z 9
Statystyki odpowiedzi
Gmina % Poprawnych
Gmina Dobczyce
100%
Gmina Myślenice
100%
Gmina Pcim
100%
Gmina Lubień
83%
Gmina Sułkowice
83%
Gmina Tokarnia
83%
Gmina Raciechowice
67%
Gmina Siepraw
67%
Gmina Wiśniowa
67%
Nie znaleziono quizów pasujących do podanych kryteriów
Rozkład punktacji
Procent ludzi z każdym wynikiem
Percentyl według liczby udzielonych odpowiedzi
Twoja historia wyników
Nie rozwiązałeś tego quizu